UBT Library

Disorders of sexual desire and other new concepts and techniques in sex therapy / (Record no. 43211)

000 -LEADER
fixed length control field 00600cam a2200217 i 4500
001 - CONTROL NUMBER
control field 1337433
005 - DATE AND TIME OF LATEST TRANSACTION
control field 20180222082934.0
008 - FIXED-LENGTH DATA ELEMENTS--GENERAL INFORMATION
fixed length control field 801009s1979 nyu b 001 0 eng
010 ## - LIBRARY OF CONGRESS CONTROL NUMBER
LC control number 79023384
020 ## - INTERNATIONAL STANDARD BOOK NUMBER
International Standard Book Number 067125362X
040 ## - CATALOGING SOURCE
Original cataloging agency DLC
Transcribing agency DLC
Modifying agency DLC
041 ## - LANGUAGE CODE
Language code of text/sound track or separate title eng
080 ## - UNIVERSAL DECIMAL CLASSIFICATION NUMBER
Universal Decimal Classification number 616.6 KAP
082 00 - DEWEY DECIMAL CLASSIFICATION NUMBER
Classification number 616.6 KAP
Edition number 19
100 1# - Rafti
Rafti 7
101 ## - Shkurtesa
Shkurtesa ANA
245 10 - TITLE STATEMENT
Title Disorders of sexual desire and other new concepts and techniques in sex therapy /
Statement of responsibility, etc Helen Singer Kaplan.
504 ## - BIBLIOGRAPHY, ETC. NOTE
Bibliography, etc Bibliography: p. 223-228.
906 ## - LOCAL DATA ELEMENT F, LDF (RLIN)
a 7
b cbc
c orignew
d u
e ocip
f 19
g y-gencatlg
942 ## - ADDED ENTRY ELEMENTS (KOHA)
Source of classification or shelving scheme
Item type Books
Holdings
Withdrawn status Lost status Source of classification or shelving scheme Damaged status Not for loan Collection code Permanent location Current location Shelving location Date acquired Total Checkouts Full call number Barcode Date last seen Price effective from Koha item type
          Koleksioni i përgjithshem UBT - Lipjan UBT - Lipjan Koleksioni i përgjithshem 02/22/2018   616.6 KAP 002-2999549 02/22/2018 02/22/2018 Books
UBT Library © 2015-2024. All rights reserved University Education for Business and Technology